Catálogo de la Biblioteca Horacio González - Universidad Nacional de General Sarmiento

Modern english practice : (Registro nro. 2365)

Detalles MARC
000 -CABECERA
campo de control de longitud fija 00838nam a22003010a 4500
001 - NÚMERO DE CONTROL
campo de control PT35088
003 - IDENTIFICADOR DEL NÚMERO DE CONTROL
campo de control AR-LpoUNG
005 - FECHA Y HORA DE LA ÚLTIMA TRANSACCIÓN
campo de control 20210131230236.0
008 - DATOS DE LONGITUD FIJA--INFORMACIÓN GENERAL
campo de control de longitud fija 191001s1958||||xxk|||||||||||||||||eng d
040 ## - FUENTE DE LA CATALOGACIÓN
Centro catalogador/agencia de origen AR-LpoUNG
Lengua de catalogación spa
Centro/agencia transcriptor AR-LpoUNG
Normas de descripción aacr
041 ## - CÓDIGO DE LENGUA
Código de lengua del texto/banda sonora o título independiente eng
044 ## - CÓDIGO DEL PAÍS DE LA ENTIDAD EDITORA/PRODUCTORA
Código MARC del país xxk
082 0# - NÚMERO DE LA CLASIFICACIÓN DECIMAL DEWEY
Número de clasificación 428 612mod
100 1# - ENTRADA PRINCIPAL--NOMBRE DE PERSONA
Nombre de persona Waldo Clarke, D.
245 10 - MENCIÓN DE TÍTULO
Título Modern english practice :
Resto del título excercises in english for foreign students
250 ## - MENCIÓN DE EDICIÓN
Mención de edición 1§ edición, 3§ reimpresión
260 ## - PUBLICACIÓN, DISTRIBUCIÓN, ETC.
Lugar de publicación, distribución, etc. London :
Nombre del editor, distribuidor, etc. Longmans, Green and Co.,
Fecha de publicación, distribución, etc. 1958.
300 ## - DESCRIPCIÓN FÍSICA
Extensión vii, 182 p. :
Otras características físicas il.
650 #4 - PUNTO DE ACCESO ADICIONAL DE MATERIA--TÉRMINO DE MATERIA
Término de materia o nombre geográfico como elemento de entrada APRENDIZAJE
650 #4 - PUNTO DE ACCESO ADICIONAL DE MATERIA--TÉRMINO DE MATERIA
Término de materia o nombre geográfico como elemento de entrada COMUNICACION
650 #4 - PUNTO DE ACCESO ADICIONAL DE MATERIA--TÉRMINO DE MATERIA
Término de materia o nombre geográfico como elemento de entrada ENSEÑANZA DE IDIOMAS
650 #4 - PUNTO DE ACCESO ADICIONAL DE MATERIA--TÉRMINO DE MATERIA
Término de materia o nombre geográfico como elemento de entrada GRAMATICA
650 #4 - PUNTO DE ACCESO ADICIONAL DE MATERIA--TÉRMINO DE MATERIA
Término de materia o nombre geográfico como elemento de entrada LENGUA INGLESA
651 #4 - PUNTO DE ACCESO ADICIONAL DE MATERIA--NOMBRE GEOGRÁFICO
Nombre geográfico DOCUMENTOS TEORICOS O METODOLOGICOS
700 1# - PUNTO DE ACCESO ADICIONAL--NOMBRE DE PERSONA
Nombre de persona Munro Mackenzie, M. D.
905 ## - ELEMENTOS DE DATOS E LOCAL, LDE (RLIN)
a 35088
942 ## - ELEMENTOS DE PUNTO DE ACCESO ADICIONAL (KOHA)
Tipo de ítem Koha Libro
Existencias
Estado de retiro Estado de pérdida Estado dañado No para préstamo Código de colección Localización permanente Ubicación/localización actual Fecha de adquisición Total de préstamos Signatura topográfica completa Código de barras Fecha visto por última vez Precio válido a partir de Tipo de ítem Koha
        Colección General Biblioteca Universidad Nacional de General Sarmiento Biblioteca Universidad Nacional de General Sarmiento 31/01/2021   428 612mod 00036456 31/01/2021 31/01/2021 Libro